| 000 | 00450nam a2200181Ia 4500 | ||
|---|---|---|---|
| 003 | GCL | ||
| 008 | 140319s9999 xx 000 0 eng d | ||
| 040 |
_aGCL / _cGCL |
||
| 082 | 0 | 4 |
_a537 _bT E |
| 100 | 1 | _aTEWARI, K. K. | |
| 245 | 1 | 0 |
_aELECTRICITY AND MAGNETISM / _cTEWARI, K. K. |
| 260 |
_a[S.N] : _bS. CHAND & COMPANY LTD ، _c1993 |
||
| 300 | _a799 P | ||
| 650 | 0 | 4 | _aPHYSICS |
| 650 | 0 | 4 | _aMAGNETISM |
| 650 | 0 | 4 | _aELECTRICITY |
| 942 |
_2ddc _cBK |
||
| 999 |
_c19816 _d19816 |
||